000 00884nam a2200265Ia 4500
003 OSt
005 20220923211009.0
006 a|||||r|||| 00| 0
007 ta
008 220922b |||||||| |||| 00| 0 hin d
020 _a8170430399 (hb)
024 _a231,157
037 _cTextual
040 _aARTS
_cARTS
_bhin
041 _2hin
_ahin
082 _aO152,3:gN, M6
100 _aसिंह, पुष्पपाल
_9156272
245 0 _aसमकालीन कहानी
_b सोच और समझ
246 _aSamakālīn kahānī: soch aur samaza
260 _aदिल्ली
_b आत्माराम एण्ड संस
_c1986
300 _a156पृ.
_ccm.
650 _aहिन्दी साहित्य
_9156264
942 _hO152,3:gN, M6
_cTEXL
_2CC
999 _c293685
_d293685